| 000 | 00385cam a2200157ua 4500 | ||
|---|---|---|---|
| 041 |
_aeng _h |
||
| 082 |
_a823.308 _bBUC/TH |
||
| 100 | _aBuchan, John . | ||
| 245 |
_aThree hostages / _cJohn Buchan. _hTextual Documents |
||
| 250 |
_a1 / _b. |
||
| 260 |
_aLondon : _bUniversity of London Press Ltd , _c1962. |
||
| 300 | _a239 ; . | ||
| 504 | _a | ||
| 942 | _cBK | ||
| 999 |
_c8723 _d8723 |
||